00666nam a2200229Ia 4500003000400000005001700004008004100021020001400062040000700076041000800083082001600091100002400107245003600131250000600167260002800173300001600201365001300217906003300230942001200263999001900275952014200294OSt20230420162105.0210423s2009 xx 000 0 und d a415280184 cAL aeng a401.41 ELAK aELAM (Keir).991233 aSemiotics of theatre and drama. a2 aLondonbRoutledgec2009 axii,260bPB b275cINR adrama. ; Semiotics ; theatre 2ddccBK c160389d160389 001040708MAENGaSACPGbSACPGd2011-11-24eHigginbothams Pvt Ltdg275.00l0o401.41 ELAKpPG006868r2022-08-24 00:00:00w2021-04-26yBK